|
|
|
|
| LEADER |
01003nam a2200241 a 4500 |
| 001 |
4022685 |
| 008 |
100118r19951987enka b 001 0 eng d |
| 010 |
|
|
|a 97133780
|
| 020 |
|
|
|a 0415050855 (pbk.)
|
| 040 |
|
|
|a DLC
|c DLC
|d DLC
|d DB-DhAAL
|
| 082 |
0 |
0 |
|a 363.70526
|2 19
|
| 100 |
1 |
|
|a Redclift, M. R.
|
| 245 |
1 |
0 |
|a Sustainable development :
|b exploring the contradictions /
|c Michael Redclift.
|
| 260 |
|
|
|a London ;
|a New York :
|b Routledge,
|c c1987 [reprinted 1995]
|
| 300 |
|
|
|a 221 p. :
|b ill. ;
|c 22 cm.
|
| 504 |
|
|
|a Includes bibliographical references (p. [205]-217) and index.
|
| 541 |
1 |
|
|e 00005794
|
| 650 |
|
0 |
|a Economic development
|x Environmental aspects.
|
| 650 |
|
0 |
|a Environmental policy.
|
| 650 |
|
0 |
|a Sustainable development.
|
| 852 |
4 |
|
|a Ayesha Abed Library
|j General Shelf.
|
| 999 |
|
|
|c 7068
|d 7068
|
| 952 |
|
|
|0 0
|1 0
|2 ddc
|4 0
|6 363_705260000000000_RED_1995
|7 0
|9 7340
|a BRACUL
|b BRACUL
|c GEN
|d 2010-01-21
|g 0.00
|l 6
|m 33
|o 363.70526 RED
|p 3010005794
|r 2024-08-31
|s 2024-06-23
|t 1
|w 2010-01-21
|y BK
|z Not price in Register
|